Packing Heat: TV Quiz Stats

 Plays Quiz Updated Feb 3, 2016

Challenge
Share
Tweet
Score 0/25 Timer 05:00
4 Plays Today
% Correct
Family Guy
95.2%
South Park
93.4%
24
88.2%
The Office
84.6%
Buffy the Vampire Slayer
81.9%
The X-Files
71.5%
Bones
69.6%
Law and Order: SVU
69.2%
Lost
67.2%
Breaking Bad
65.9%
It's Always Sunny in Philadelphia
59%
Parks and Recreation
48.7%
Community
48%
% Correct
The Shield
41.6%
Saturday Night Live
39.6%
Sons of Anarchy
38.3%
Firefly
35.2%
Deadwood
33.3%
The Wire
32.4%
The Walking Dead
29.9%
Southland
24.2%
MST3K
21.5%
Mad Men
19.3%
Battlestar Galactica
17%
Homicide: Life on the Street
14.3%

You're not logged in!

Compare scores with friends on all Sporcle quizzes.
OR
Log In

You Might Also Like...

Show Comments

Extras

Top Quizzes Today


Score Distribution

Your Account Isn't Verified!

In order to create a playlist on Sporcle, you need to verify the email address you used during registration. Go to your Sporcle Settings to finish the process.

Report this User

Report this user for behavior that violates our Community Guidelines.

Details: